| 000 | 00433nam a22001337a 4500 | ||
|---|---|---|---|
| 040 | _cNUST | ||
| 082 | _a200 THE | ||
| 100 |
_aAbdul Ahad _984361 |
||
| 110 |
_aSupervisor Dr. Azhar Ul-Haq _984362 |
||
| 245 | _aTH-SOF-1881-Modeling, Simulation and Forecasting of PV Solar Power Plants in Pakistan using Agent Based Approach | ||
| 260 |
_aISLAMABAD: _bNUST COLLEGE OF EME, _c2021. |
||
| 650 |
_aMS-ELECT-17 _984363 |
||
| 942 |
_2ddc _cTHE |
||
| 999 |
_c586823 _d586823 |
||